000 00350nam a2200121Ia 4500
008 220615s9999||||xx |||||||||||||| ||und||
245 0 _aArc Welding
546 _aEnglish[eng]
650 _aManufacturing industries
700 _aSudnik, Wladislav
856 _uhttps://mts.intechopen.com/storage/books/576/authors_book/authors_book.pdf
942 _cEB
999 _c17360
_d17360